Dane a europlatenie

Daňové eurootázniky. Eurozdaňovanie podľa vyhlášky č. 75/2008. Webové stránky správcu dane. Podávanie daňových priznaní. Kombinovaný rok 2009.

Guardado en:
Detalles Bibliográficos
Autor principal: Burák, Emil
Formato: Capítulo de libro
Lenguaje:eslovaco
Materias:
Etiquetas: Agregar Etiqueta
Sin Etiquetas, Sea el primero en etiquetar este registro!

MARC

LEADER 00000naa$a2200000$$$4500
001 0091586
005 20231006123402.6
041 0 |a slo 
044 |a SK 
245 1 0 |a Dane a europlatenie  |c Emil Burák 
520 |a Daňové eurootázniky. Eurozdaňovanie podľa vyhlášky č. 75/2008. Webové stránky správcu dane. Podávanie daňových priznaní. Kombinovaný rok 2009. 
610 2 0 |a dane 
610 2 0 |a priznania daňové 
610 2 0 |a dane z príjmov 
610 2 0 |a dane z hodnoty pridanej 
100 1 |a Burák, Emil